000 00712nam a22001937a 4500
005 20251108164009.0
008 250721s1998 xx 000 0 ara d
082 1 4 _a343.7/منجج
100 1 _aالمنجي، إبراهيم
245 1 0 _aالدفوع الجنائية في جرائم المخدرات :
_bمن الناحيتين الإجرائية و الموضوعية 8 دفوع جنائية و 18 جريمة في المخدرات /
264 1 _aالإسكندريه :
_bمنشأة المعارف،
_c1998.
300 _a562ص.
650 1 7 _aالقانون الجنائي
650 1 7 _aالمخدرات
650 1 7 _aالجريمة
650 1 7 _aالمجرمون
942 _2ddc
_cBK
999 _c1014
_d1014